Statistiken für Ergebnisdiagramm der Fußball-Weltmeisterschaft 1958

Klicken Sie hier um das Quiz zu spielen!

Allgemein

  • Dieses Quiz wurde 54 mal gespielt
  • Das Durchschnittsergebnis liegt bei 12 aus 16

Antwortstatistiken

Nation % Korrekt
Brasilien
100%
England
94%
Frankreich
94%
Schweden
91%
Argentinien
84%
BR Deutschland
84%
Mexiko
84%
Jugoslawien
75%
Ungarn
72%
Wales
72%
Schottland
69%
Tschechoslowakei
69%
Nordirland
63%
Sowjetunion
59%
Österreich
53%
Paraguay
34%

Verteilung der Resultate

Perzentil nach korrekt beantworteten Fragen

Anzahl Personen mit jedem Resultat

Ihre Resultats-Entwicklung

Sie haben dieses Quiz noch nicht gespielt